Online
Catalog

Las lenguas indígenas de América y el español de Cuba / (Record no. 11475)

MARC details
000 -CABECERA
campo de control de longitud fija 01022cam a2200277 a 4500
001 - NÚMERO DE CONTROL
campo de control 000011801
005 - FECHA Y HORA DE LA ÚLTIMA TRANSACCIÓN
campo de control 20200929162554.0
008 - DATOS DE LONGITUD FIJA--INFORMACIÓN GENERAL
campo de control de longitud fija 940502s1991 cu bd 000 0 spa
020 ## - NÚMERO INTERNACIONAL ESTÁNDAR DEL LIBRO
Número Internacional Estándar del Libro 9590200044 (obra completa)
020 ## - NÚMERO INTERNACIONAL ESTÁNDAR DEL LIBRO
Número Internacional Estándar del Libro 9590200028 (t. 1)
020 ## - NÚMERO INTERNACIONAL ESTÁNDAR DEL LIBRO
Número Internacional Estándar del Libro 9590200036 (t. 2)
035 ## - NÚMERO DE CONTROL DEL SISTEMA
Número de control de sistema (DLC) 94152875
040 ## - FUENTE DE LA CATALOGACIÓN
Centro catalogador/agencia de origen DO-SdBNP
Centro/agencia transcriptor DLC
Centro/agencia modificador DLC
-- BNPHU
050 00 - SIGNATURA TOPOGRÁFICA DE LA BIBLIOTECA DEL CONGRESO
Número de clasificación PC4854.C8
Número de documento/Ítem V365 1991
082 ## - NÚMERO DE LA CLASIFICACIÓN DECIMAL DEWEY
Número de clasificación 467/.97291
Número de documento/Ítem 20
-- V145l
049 ## - FONDOS LOCALES (OCLC)
Fondos de biblioteca BNGR
100 1# - ENTRADA PRINCIPAL--NOMBRE DE PERSONA
Nombre de persona Valdés Bernal, Sergio,
Fechas asociadas al nombre 1943-
9 (RLIN) 27938
245 14 - MENCIÓN DE TÍTULO
Título Las lenguas indígenas de América y el español de Cuba /
Mención de responsabilidad, etc. Sergio Valdés Bernal ; edición, María A. Rodríguez.
260 ## - PUBLICACIÓN, DISTRIBUCIÓN, ETC.
Lugar de publicación, distribución, etc. La Habana :
Nombre del editor, distribuidor, etc. La Academia,
Fecha de publicación, distribución, etc. c1991.
300 ## - DESCRIPCIÓN FÍSICA
Extensión 2 v. ;
Dimensiones 23 cm.
504 ## - NOTA DE BIBLIOGRAFÍA, ETC.
Nota de bibliografía, etc. Incluye referencias bibliográficas.
650 #0 - PUNTO DE ACCESO ADICIONAL DE MATERIA--TÉRMINO DE MATERIA
Término de materia o nombre geográfico como elemento de entrada Spanish language
Subdivisión general Provincialisms
Subdivisión geográfica Cuba
Subdivisión general Dictionaries.
9 (RLIN) 27939
650 #0 - PUNTO DE ACCESO ADICIONAL DE MATERIA--TÉRMINO DE MATERIA
Término de materia o nombre geográfico como elemento de entrada Spanish language
Subdivisión general Foreign words and phrases
-- Indian
-- Dictionaries.
9 (RLIN) 27940
700 1# - PUNTO DE ACCESO ADICIONAL--NOMBRE DE PERSONA
Nombre de persona Rodríguez, María A.,
Término indicativo de función/relación ed.
9 (RLIN) 27941
910 ## - DATOS DE OPCIÓN DEL USUARIO (OCLC)
Datos de opción del usuario Catalogación por copia / LC
Holdings
Estado de retiro Estado de pérdida Restricciones de uso No para préstamo Código de colección Localización permanente Ubicación/localización actual Ubicación en estantería Fecha de adquisición Número de inventario Total de préstamos Signatura topográfica completa Código de barras Fecha visto por última vez Precio válido a partir de Tipo de ítem Koha
    Préstamo interno   Monografías: Libros y Folletos General General En catalogación 27.10.2009 LF1   v.1 11801-10 25.06.2020 25.06.2020 Préstamo interno

Powered by Koha